A védő joghelyzete a büntetőeljárásban
Elmentve itt :
| Szerző: | |
|---|---|
| További közreműködők: | |
| Dokumentumtípus: | Szakdolgozat |
| Megjelent: |
2006
|
| Tárgyszavak: | |
| Online Access: | http://diploma.bibl.u-szeged.hu/30165 |
| LEADER | 00559nta a2200157 i 4500 | ||
|---|---|---|---|
| 001 | dipl30165 | ||
| 005 | 20130314090801.0 | ||
| 008 | 110810s2006 hu om 0|| zxx d | ||
| 040 | |a SZTE Diploma Repozitórium |b hun | ||
| 041 | |a zxx | ||
| 100 | 1 | |a Matolay Gergely | |
| 245 | 1 | 2 | |a A védő joghelyzete a büntetőeljárásban |h [elektronikus dokumentum] / |c Gergely Matolay |
| 260 | |c 2006 | ||
| 650 | 4 | |a Jogi és igazgatási tanulmányok | |
| 700 | 1 | |a Hegedűs István |e ths | |
| 856 | 4 | 0 | |u http://diploma.bibl.u-szeged.hu/id/eprint/30165/1/2006_matolay_gergely.pdf |z Dokumentum-elérés |